000 01890nam a2200289Ia 4500
999 _c53859
_d53859
001 20910
003 GE_BSU
005 20210616180152.0
008 181216s2010||||ge |||||||||||||| ||geo||
020 _a9789941131431
040 _cGE_BSU
041 _ageo
080 _a811.353.1 გ-26
100 _aგეგუჩაძე, ლეილა
_96199
245 _aქართული ენა : სინტაქსის საკითხები = The Georgian Language :
_bISSUES OF SYNTAX /
_cლეილა გეგუჩაძე ; რედ. გიორგი გოგოლაშვილი.
264 _aთბილისი :
_bთბილ. უნ-ტის გამ-ბა,
_c2010.
300 _a404 გვ. ;
_c20 სმ.
500 _aნაშრომი შედგება რამდენიმე ძირითადი თემისაგან, რომლებიც ლოგიკური თანმიმდევრობითაა წარმოდგენილი, დაწყებული უმცირესი ტაქსემებით, სიტყვათა წყვილებით, ანუ სინტაგმებით, ვიდრე ზერთულ წინადადებამდე [ და სხვ.]
504 _aბიბლიოგრაფია გვ. : 398-404
541 _h15ლ.
653 _aგრამატიკა
653 _aქართული ენა
653 _aსინტაქსის საკითხები
700 _aგოგოლაშვილი, გიორგი
_eრედატორი
_92128
710 _aივანე ჯავახიშვილის სახელობის თბილისის სახელმწიფო უნივერსიტეტიტი
_910231
942 _cBK
_2udc